Audio cyclopedia

Sparad:
Bibliografiska uppgifter
Huvudupphovsman: Howard M Tremaine
Materialtyp: Bok
Språk:Undetermined
Publicerad: New York Howard W. Sams 1969
Ämnen:
Taggar: Lägg till en tagg
Inga taggar, Lägg till första taggen!
Thư viện lưu trữ: Trung tâm Học liệu Trường Đại học Cần Thơ
LEADER 00499nam a2200181Ia 4500
001 CTU_26617
008 210402s9999 xx 000 0 und d
082 |a 620.2 
082 |b T789 
100 |a Howard M Tremaine 
245 0 |a Audio cyclopedia 
245 0 |c Howard M Tremaine 
260 |a New York 
260 |b Howard W. Sams 
260 |c 1969 
650 |a acoustical engineering,technology - dictionaries 
904 |i Minh, 981015 
980 |a Trung tâm Học liệu Trường Đại học Cần Thơ